Glosario de informatica (Registro nro. 4958)

Detalles MARC
000 -LEADER
fixed length control field 01180 a2200217 4500
001 - CONTROL NUMBER
control field 50110
005 - DATE AND TIME OF LATEST TRANSACTION
control field 20260407155801.0
008 - FIXED-LENGTH DATA ELEMENTS--GENERAL INFORMATION
fixed length control field 260407a1984 arg spa d
003 - CONTROL NUMBER IDENTIFIER
control field AR-UNSa-BCEJYS
040 ## - CATALOGING SOURCE
Original cataloging agency AR-UNSa-BCEJYS
Language of cataloging spa
Transcribing agency AR-UNSa-BCEJYS
080 ## - UNIVERSAL DECIMAL CLASSIFICATION NUMBER
Universal Decimal Classification number (038)004
Common auxiliary subdivision Diccionario de Informática
041 ## - LANGUAGE CODE
Language code of text/sound track or separate title spa
100 1# - MAIN ENTRY--PERSONAL NAME
Personal name Saroka, Raúl Horacio
245 10 - TITLE STATEMENT
Title Glosario de informatica
264 #1 - PRODUCTION, PUBLICATION, DISTRIBUTION, MANUFACTURE, AND COPYRIGHT NOTICE
Place of production, publication, distribution, manufacture Buenos Aires :
Name of producer, publisher, distributor, manufacturer Ediciones Contabilidad Moderna
Date of production, publication, distribution, manufacture, or copyright notice 1984
300 ## - PHYSICAL DESCRIPTION
Extent 314 p.
Dimensions 22 cm.
505 ## - FORMATTED CONTENTS NOTE
Formatted contents note 1. Equivalencias inglés-castellano de las expresiones incluidas - 2. Siglas, abreviaturas y acrónimos - 3. Unidades de medida - 4. Publicaciones periódicas relacionadas con la informática editadas en la República Argentina - 5. Instituciones relacionadas con la informática en la República Argentina - 6. Instituciones nacionales que prestan servicios de acceso a bases de datos públicas o semipúblicas para la recuperación de información - 7. Publicaciones extranjeras relacionadas con la informática - 8. Breve reseña de protagonistas y hechos en informática -
590 ## - LOCAL NOTE (RLIN)
Local note niveau_biblio:m niveau_hierar:0
700 1# - ADDED ENTRY--PERSONAL NAME
Personal name Tesoro, José Luis
942 ## - ADDED ENTRY ELEMENTS (KOHA)
Koha item type
Existencias
Withdrawn status Lost status Damaged status Not for loan Home library Current library Shelving location Date acquired Total checkouts Full call number Barcode Date last seen Price effective from Koha item type
        Biblioteca Prof. Eusebio Cleto del Rey Biblioteca Prof. Eusebio Cleto del Rey   07/04/2026   R(038)004 S243 L39138 07/04/2026 07/04/2026 Libro